History Quiz

Random History or State Quiz

Confederate State Conundrum Quiz Stats

 Plays Quiz Updated Feb 9, 2016

Score 0/11 Timer 03:00
4 Plays Today
% Correct
???
86.7%
???
78%
???
69.3%
???
64.8%
???
63.9%
???
63.8%
???
63.6%
???
60.1%
???
58.9%
???
56.9%
???
50.4%

You're not logged in!

Compare scores with friends on all Sporcle quizzes.
OR
Log In

You Might Also Like...

Show Comments

Extras

Top Quizzes Today


Score Distribution

Your Account Isn't Verified!

In order to create a playlist on Sporcle, you need to verify the email address you used during registration. Go to your Sporcle Settings to finish the process.

Report this User

Report this user for behavior that violates our Community Guidelines.

Details: